<?xml version="1.0" encoding="UTF-8"?>
<record
    xmlns:xsi="http://www.w3.org/2001/XMLSchema-instance"
    xsi:schemaLocation="http://www.loc.gov/MARC21/slim http://www.loc.gov/standards/marcxml/schema/MARC21slim.xsd"
    xmlns="http://www.loc.gov/MARC21/slim">

  <leader>01442nam a22002777i 4500</leader>
  <datafield tag="999" ind1=" " ind2=" ">
    <subfield code="c">23109</subfield>
    <subfield code="d">23109</subfield>
  </datafield>
  <controlfield tag="003">AR-CdUCM</controlfield>
  <controlfield tag="008">241104b20232023 pe||||| |||| 00| 0 spa d</controlfield>
  <datafield tag="040" ind1=" " ind2=" ">
    <subfield code="a">MUNICIPALIDAD PROVINCIAL DEL CUSCO</subfield>
    <subfield code="c">BIBLIOTECA MUNICIPAL DEL CUSCO</subfield>
  </datafield>
  <datafield tag="082" ind1=" " ind2=" ">
    <subfield code="a">376.5197 / U61</subfield>
    <subfield code="b">U61</subfield>
  </datafield>
  <datafield tag="110" ind1=" " ind2=" ">
    <subfield code="a">Universidad Nacional Amaz&#xF3;nica Madre de Dios</subfield>
    <subfield code="9">50765</subfield>
  </datafield>
  <datafield tag="245" ind1=" " ind2=" ">
    <subfield code="a">Compendio estad&#xED;stico 2022 : </subfield>
    <subfield code="b">Datos del a&#xF1;o 2021 / </subfield>
  </datafield>
  <datafield tag="260" ind1=" " ind2=" ">
    <subfield code="a">Puerto Maldonado : </subfield>
    <subfield code="b">Universidad Nacional Amaz&#xF3;nica de Madre de Dios</subfield>
    <subfield code="c"> 2023</subfield>
  </datafield>
  <datafield tag="300" ind1=" " ind2=" ">
    <subfield code="a">198 p&#xE1;ginas. :</subfield>
    <subfield code="c">24 cm</subfield>
  </datafield>
  <datafield tag="505" ind1=" " ind2=" ">
    <subfield code="a">Principales variables y datos acad&#xE9;micos -- Demanda universitaria de pregrado -- Formaci&#xF3;n universitaria de pregrado -- Egresados, Graduados y titulados -- Personal docente y departamentos acad&#xE9;micos -- Investigaciones y publicaciones -- Actividades acad&#xE9;micos, culturales y deportivas -- Infraestructura , recursos f&#xED;sicos y tecnol&#xF3;gicos -- Proyecci&#xF3;n social y extensi&#xF3;n universitaria --Personal administrativo y obrero --  Bienestar estudiantil y atenciones de salud -- Informaci&#xF3;n presupuestal </subfield>
  </datafield>
  <datafield tag="650" ind1=" " ind2=" ">
    <subfield code="a">Programas acad&#xE9;micas</subfield>
    <subfield code="9">50766</subfield>
  </datafield>
  <datafield tag="650" ind1=" " ind2=" ">
    <subfield code="a">Facultades</subfield>
    <subfield code="9">50767</subfield>
  </datafield>
  <datafield tag="650" ind1=" " ind2=" ">
    <subfield code="a">postulantes</subfield>
    <subfield code="9">50768</subfield>
  </datafield>
  <datafield tag="650" ind1=" " ind2=" ">
    <subfield code="a">Modalidad</subfield>
    <subfield code="9">50769</subfield>
  </datafield>
  <datafield tag="650" ind1=" " ind2=" ">
    <subfield code="a">Estudiantes </subfield>
    <subfield code="9">1674</subfield>
  </datafield>
  <datafield tag="650" ind1=" " ind2=" ">
    <subfield code="a">Docencia</subfield>
    <subfield code="9">30457</subfield>
  </datafield>
  <datafield tag="650" ind1=" " ind2=" ">
    <subfield code="a">Actividades acad&#xE9;micas</subfield>
    <subfield code="9">50770</subfield>
  </datafield>
  <datafield tag="700" ind1=" " ind2=" ">
    <subfield code="a">Roca Pedraza, Katerin (compilador)</subfield>
    <subfield code="9">50771</subfield>
  </datafield>
  <datafield tag="942" ind1=" " ind2=" ">
    <subfield code="2">ddc</subfield>
    <subfield code="c">LIBROS</subfield>
  </datafield>
  <datafield tag="945" ind1=" " ind2=" ">
    <subfield code="a">pbj</subfield>
    <subfield code="d">04-11-2024</subfield>
  </datafield>
  <datafield tag="952" ind1=" " ind2=" ">
    <subfield code="0">0</subfield>
    <subfield code="2">ddc</subfield>
    <subfield code="4">0</subfield>
    <subfield code="7">0</subfield>
    <subfield code="a">SH</subfield>
    <subfield code="b">SH</subfield>
    <subfield code="c">CART</subfield>
    <subfield code="d">2024-11-04</subfield>
    <subfield code="e">Donaci&#xF3;n</subfield>
    <subfield code="g">20.00</subfield>
    <subfield code="o">376.5197 / U61</subfield>
    <subfield code="p">SH0000016840</subfield>
    <subfield code="r">2024-11-04</subfield>
    <subfield code="y">LIBROS</subfield>
  </datafield>
</record>
